El hombre mediocre / (Record no. 34138)
[ view plain ]
| 000 -CABECERA | |
|---|---|
| campo de control de longitud fija | 00742nam a2200217 a 4500 |
| 001 - NÚMERO DE CONTROL | |
| campo de control | 000034647 |
| 005 - FECHA Y HORA DE LA ÚLTIMA TRANSACCIÓN | |
| campo de control | 20200930073821.0 |
| 008 - DATOS DE LONGITUD FIJA--INFORMACIÓN GENERAL | |
| campo de control de longitud fija | 111012s2008 ck r 000 0 spa d |
| 020 ## - NÚMERO INTERNACIONAL ESTÁNDAR DEL LIBRO | |
| Número Internacional Estándar del Libro | 9789583001062 |
| 040 ## - FUENTE DE LA CATALOGACIÓN | |
| Centro catalogador/agencia de origen | DO-SdBNP |
| Lengua de catalogación | spa |
| Centro/agencia transcriptor | BNPHU |
| 082 ## - NÚMERO DE LA CLASIFICACIÓN DECIMAL DEWEY | |
| Número de clasificación | xxx |
| Número de documento/Ítem | xxxx |
| 100 1# - ENTRADA PRINCIPAL--NOMBRE DE PERSONA | |
| Nombre de persona | Ingenieros, José, |
| Fechas asociadas al nombre | 1877-1925. |
| 9 (RLIN) | 16601 |
| 245 10 - MENCIÓN DE TÍTULO | |
| Título | El hombre mediocre / |
| Mención de responsabilidad, etc. | José Ingenieros; edición Gabriel Silva Rincón. |
| 260 ## - PUBLICACIÓN, DISTRIBUCIÓN, ETC. | |
| Lugar de publicación, distribución, etc. | Santa Fe de Bogotá : |
| Nombre del editor, distribuidor, etc. | Panamericana, |
| Fecha de publicación, distribución, etc. | 2008. |
| 300 ## - DESCRIPCIÓN FÍSICA | |
| Extensión | 243 p. ; |
| Dimensiones | 21 cm. |
| 490 1# - MENCIÓN DE SERIE | |
| Mención de serie | Filosofía y política |
| 500 ## - NOTA GENERAL | |
| Nota general | Decimatercera reimpresión |
| 500 ## - NOTA GENERAL | |
| Nota general | Incluye datos del autor en la solapa de la cubierta |
| 700 1# - PUNTO DE ACCESO ADICIONAL--NOMBRE DE PERSONA | |
| Nombre de persona | Silva Rincón, Gabriel, |
| Fechas asociadas al nombre | 1955- |
| Término indicativo de función/relación | ed. |
| 9 (RLIN) | 60081 |
| 830 #0 - PUNTO DE ACCESO ADICIONAL DE SERIE-TÍTULO UNIFORME | |
| Título uniforme | Filosofía y política |
| 9 (RLIN) | 60082 |
| Estado de retiro | Estado de pérdida | Restricciones de uso | No para préstamo | Código de colección | Localización permanente | Ubicación/localización actual | Ubicación en estantería | Fecha de adquisición | Número de inventario | Total de préstamos | Signatura topográfica completa | Código de barras | Fecha visto por última vez | Precio válido a partir de | Tipo de ítem Koha | Número de copia |
|---|---|---|---|---|---|---|---|---|---|---|---|---|---|---|---|---|
| Excluido de préstamo | Monografías: Libros y Folletos | General | General | Depósito | 12.10.2011 | LF1 | xxx xxxx | 34647-10 | 25.06.2020 | 25.06.2020 | No se presta | |||||
| Excluido de préstamo | Monografías: Libros y Folletos | General | General | Depósito | 12.10.2011 | LF1 | xxx xxxx | 34647-20 | 25.06.2020 | 25.06.2020 | No se presta | e. 2 | ||||
| Extraviado | Monografías: Libros y Folletos | General | General | Extraviado | 12.10.2011 | LF1 | xxx xxxx | 34647-30 | 25.06.2020 | 25.06.2020 | Préstamo en sala | e. 3 |
